ARRUPE JESUIT UNIVERSITY

CORONAVIRUS -STOP THE SPREAD - CLEAN,DISINFECT,COVER

What Fanon said : (Record no. 131589)

MARC details
000 -LEADER
fixed length control field 01614cam a2200385 i 4500
001 - CONTROL NUMBER
control field 18420990
003 - CONTROL NUMBER IDENTIFIER
control field ARRUPE
005 - DATE AND TIME OF LATEST TRANSACTION
control field 20221129092943.0
008 - FIXED-LENGTH DATA ELEMENTS--GENERAL INFORMATION
fixed length control field 141229s2015 nyua b 001 0 eng
010 ## - LIBRARY OF CONGRESS CONTROL NUMBER
LC control number 2014045381
020 ## - INTERNATIONAL STANDARD BOOK NUMBER
International Standard Book Number 9780823266081 (cloth : alk. paper)
020 ## - INTERNATIONAL STANDARD BOOK NUMBER
International Standard Book Number 9780823266098 (pbk. : alk. paper)
028 ## - PUBLISHER NUMBER
Source Arrupe
040 ## - CATALOGING SOURCE
Original cataloging agency DLC
Language of cataloging eng
Transcribing agency DLC
Description conventions rda
Modifying agency DLC
042 ## - AUTHENTICATION CODE
Authentication code pcc
043 ## - GEOGRAPHIC AREA CODE
Geographic area code f-ae---
050 00 - LIBRARY OF CONGRESS CALL NUMBER
Classification number CT2628.F35
Item number G67 2015
082 00 - DEWEY DECIMAL CLASSIFICATION NUMBER
Classification number 616.890092
-- B
Edition number 23
300 ## - PHYSICAL DESCRIPTION
Other physical details illustrations ;
Dimensions 23 cm.
100 1# - MAIN ENTRY--PERSONAL NAME
Personal name Gordon, Lewis R.
Fuller form of name (Lewis Ricardo),
Dates associated with a name 1962-
Relator term author.
9 (RLIN) 6535
245 10 - TITLE STATEMENT
Title What Fanon said :
Remainder of title a philosophical introduction to his life and thought /
Statement of responsibility, etc Lewis R. Gordon.
250 ## - EDITION STATEMENT
Edition statement First edition.
300 ## - PHYSICAL DESCRIPTION
Extent xix, 191 pages :
490 0# - SERIES STATEMENT
Series statement Just ideas
504 ## - BIBLIOGRAPHY, ETC. NOTE
Bibliography, etc Includes bibliographical references and index.
505 0# - FORMATTED CONTENTS NOTE
Formatted contents note On what a great thinker said -- I am from Martinique -- Writing through the zone of nonbeing -- Living experience, embodying possibility -- Revolutionary therapy -- Counseling the damned -- Requiem for the messenger.
600 10 - SUBJECT ADDED ENTRY--PERSONAL NAME
Personal name Fanon, Frantz,
Dates associated with a name 1925-1961.
9 (RLIN) 26769
600 10 - SUBJECT ADDED ENTRY--PERSONAL NAME
Personal name Fanon, Frantz,
Dates associated with a name 1925-1961
General subdivision Philosophy.
9 (RLIN) 52051
650 #0 - SUBJECT ADDED ENTRY--TOPICAL TERM
Topical term or geographic name as entry element Intellectuals
Geographic subdivision Algeria
Form subdivision Biography.
9 (RLIN) 52052
650 #0 - SUBJECT ADDED ENTRY--TOPICAL TERM
Topical term or geographic name as entry element Revolutionaries
Geographic subdivision Algeria
Form subdivision Biography.
9 (RLIN) 52053
650 #0 - SUBJECT ADDED ENTRY--TOPICAL TERM
Topical term or geographic name as entry element Psychiatrists
Geographic subdivision Algeria
Form subdivision Biography.
9 (RLIN) 52054
651 #0 - SUBJECT ADDED ENTRY--GEOGRAPHIC NAME
Geographic name Algeria
Form subdivision Biography.
9 (RLIN) 52055
906 ## - LOCAL DATA ELEMENT F, LDF (RLIN)
a 7
b cbc
c orignew
d 1
e ecip
f 20
g y-gencatlg
942 ## - ADDED ENTRY ELEMENTS (KOHA)
Source of classification or shelving scheme Library of Congress Classification
Koha item type Monograph ( Printed materials)
Holdings
Withdrawn status Lost status Source of classification or shelving scheme Damaged status Not for loan Home library Current library Shelving location Date acquired Total Checkouts Full call number Barcode Date last seen Price effective from Koha item type
    Library of Congress Classification     ARRUPE LIBRARY ARRUPE LIBRARY Main Collection 29/11/2022   CT2628.F35 G67 2015 46700000124 29/11/2022 29/11/2022 Monograph ( Printed materials)

 

Arrupe Library. PO Box MP320 Mt Pleasant, Harare, Zimbabwe
263 242 745411|librarian@aju.ac.zw